Normal view
MARC view
Entry Personal Name
001 - CONTROL NUMBER
- control field: 13838
003 - CONTROL NUMBER IDENTIFIER
- control field: OSt
005 - DATE AND TIME OF LATEST TRANSACTION
- control field: 20211105133729.0
008 - FIXED-LENGTH DATA ELEMENTS
- fixed length control field: 211105|| aca||aabn | a|a d
040 ## - CATALOGING SOURCE
- Original cataloging agency: OSt
- Transcribing agency: OSt
100 ## - HEADING--PERSONAL NAME
- Personal name: Kundu, Mukul R., ed
670 ## - SOURCE DATA FOUND
- Source citation: Work cat.: (OSt): International Astronomical Union Symposium 107th College Park, Maryland, USA 1983 Aug. 8-11 13836, Unstable current systems and plasma instabilities in Astrophysics, 1985